| 000 | 00951nam a22002897a 4500 | ||
|---|---|---|---|
| 003 | CHAP | ||
| 005 | 20220329134648.0 | ||
| 008 | 971013s r 00010 d | ||
| 010 | _a23838 | ||
| 011 | _a24810 | ||
| 035 | _a28910 | ||
| 040 | _cCHAP | ||
| 090 | _aFolleto 2198 | ||
| 110 | 2 |
_aComisión Nacional de Fruticultura. México _925772 |
|
| 245 | 1 | _aCultivo del tamarindo | |
| 260 |
_a(México, D. F.) : _b(s.e.), _c(s.a.) |
||
| 300 |
_a[1 h. plegable] _b: ilus. |
||
| 590 |
_aBATCH-UPD _b10 _c20130110 _lUCH01 _h1837 |
||
| 590 |
_aCONVERSION _b10 _c20130109 _lUCH01 _h1314 |
||
| 650 | 1 | 4 |
_aTamarindo. _9111504 |
| 901 | _aBK | ||
| 942 | _cFOLL | ||
| 949 |
_aFolleto 2198 _bBC _cFOLL _d33724002037314 _eTS2 _fc.3 _i28910 _mD _si |
||
| 949 |
_aFolleto 2198 _bBC _cFOLL _d33724002037355 _eTS1 _i28910 _mD _si |
||
| 949 |
_aFolleto 2198 _bBC _cFOLL _d33724002037397 _eTS2 _fc.2 _i28910 _si |
||
| 949 |
_aFolleto 2198 _bBC _cFOLL _d33724002316199 _eTS2 _fc.4 _i28910 _sb |
||
| 999 |
_c23838 _d23838 |
||